Loading...

Vinay patrika/

Bibliographic Details
Main Author: Thulsidas
Format: Printed Book
Published: Agra: Ranjan Prakashan,
LEADER 00318 a2200109 4500
100 |a Thulsidas 
245 |a Vinay patrika/  |c Thulsidas 
260 |a Agra:  |b Ranjan Prakashan, 
300 |a 292p. 
942 |2 ddc  |c BK 
999 |c 242121  |d 242121 
952 |0 0  |1 0  |4 1  |7 0  |9 268638  |a HIN  |b HIN  |c ST1  |d 2011-12-23  |i 858  |l 0  |p HIN858  |r 2011-12-23  |w 2014-02-07  |y BK